The Effect of Electric Field on the Explosive Sensitivity of Silver Azide; Journal of Physics: Conference Series; Vol. 830 : Energy Fluxes and Radiation Effects 2016

Bibliografiska uppgifter
Parent link:Journal of Physics: Conference Series
Vol. 830 : Energy Fluxes and Radiation Effects 2016.— 2017.— [012131, 6 p.]
Institutionell upphovsman: Национальный исследовательский Томский политехнический университет (ТПУ) Юргинский технологический институт (филиал) (ЮТИ) Кафедра металлургии и черных металлов (МЧМ)
Övriga upphovsmän: Rodzevich A. P. Aleksandr Pavlovich, Gazenaur E. G., Kuzmina L. V., Krasheninin V. I., Gazenaur N. V.
Sammanfattning:Title screen
The effect of a constant contactless electric field on the rate of a chemical reaction in silver azide is explored in this paper. The technology of growing and processing silver azide whiskers in the constant contactless electric field (field intensity was varied in the range from 10{-3} V/m to 100 V/m) allows supervising their explosive sensitivity, therefore, the results of experiments can be relevant for purposeful controlling the resistance of explosive materials. This paper is one of the first attempts to develop efficient methods to affect the explosive sensitivity of energy-related materials in a weak electric field (up to 10{-3} V/m).
Språk:engelska
Publicerad: 2017
Serie:Radiation physics and chemistry of condensed matter
Ämnen:
Länkar:http://dx.doi.org/10.1088/1742-6596/830/1/012131
http://earchive.tpu.ru/handle/11683/39503
Materialtyp: Elektronisk Bokavsnitt
KOHA link:https://koha.lib.tpu.ru/cgi-bin/koha/opac-detail.pl?biblionumber=654948

MARC

LEADER 00000nla2a2200000 4500
001 654948
005 20231224125233.0
035 |a (RuTPU)RU\TPU\network\20677 
035 |a RU\TPU\network\20676 
090 |a 654948 
100 |a 20170530a2017 k y0engy50 ba 
101 0 |a eng 
105 |a y z 100zy 
135 |a drgn ---uucaa 
181 0 |a i  
182 0 |a b 
200 1 |a The Effect of Electric Field on the Explosive Sensitivity of Silver Azide  |f A. P. Rodzevich [et al.] 
203 |a Text  |c electronic 
225 1 |a Radiation physics and chemistry of condensed matter 
300 |a Title screen 
320 |a [References: 11 tit.] 
330 |a The effect of a constant contactless electric field on the rate of a chemical reaction in silver azide is explored in this paper. The technology of growing and processing silver azide whiskers in the constant contactless electric field (field intensity was varied in the range from 10{-3} V/m to 100 V/m) allows supervising their explosive sensitivity, therefore, the results of experiments can be relevant for purposeful controlling the resistance of explosive materials. This paper is one of the first attempts to develop efficient methods to affect the explosive sensitivity of energy-related materials in a weak electric field (up to 10{-3} V/m). 
461 0 |0 (RuTPU)RU\TPU\network\3526  |t Journal of Physics: Conference Series 
463 0 |0 (RuTPU)RU\TPU\network\20593  |t Vol. 830 : Energy Fluxes and Radiation Effects 2016  |o 5th International Congress, 2–7 October 2016, Tomsk, Russian Federation  |o [materials]  |f National Research Tomsk Polytechnic University (TPU) ; eds. M. V. Trigub G. E. Osokin ; A. S. Konovod  |v [012131, 6 p.]  |d 2017 
610 1 |a электронный ресурс 
610 1 |a труды учёных ТПУ 
610 1 |a электрические поля 
610 1 |a взрывная чувствительность 
610 1 |a азид серебра 
610 1 |a взрывчатые вещества 
610 1 |a химические реакции 
701 1 |a Rodzevich  |b A. P.  |c specialist in the field of mechanical engineering  |c Associate Professor of Yurga technological Institute of Tomsk Polytechnic University, candidate of physical and mathematical sciences  |f 1967-  |g Aleksandr Pavlovich  |3 (RuTPU)RU\TPU\pers\34525  |9 17906 
701 1 |a Gazenaur  |b E. G. 
701 1 |a Kuzmina  |b L. V. 
701 1 |a Krasheninin  |b V. I. 
701 1 |a Gazenaur  |b N. V. 
712 0 2 |a Национальный исследовательский Томский политехнический университет (ТПУ)  |b Юргинский технологический институт (филиал) (ЮТИ)  |b Кафедра металлургии и черных металлов (МЧМ)  |3 (RuTPU)RU\TPU\col\18892 
801 2 |a RU  |b 63413507  |c 20170620  |g RCR 
856 4 |u http://dx.doi.org/10.1088/1742-6596/830/1/012131 
856 4 |u http://earchive.tpu.ru/handle/11683/39503 
942 |c CF